US Presidents & Vice-Presidents Click Quiz - Statistics

General Stats
  • This quiz has been taken 225 times
  • The average score is 18 of 41
Answer Stats
Hint Answer % Correct
Joe Biden Kamala Harris
89%
Donald Trump Mike Pence
88%
Bill Clinton Al Gore
85%
Barack Obama Joe Biden
85%
John F. Kennedy Lyndon B. Johnson
84%
George W. Bush Dick Cheney
79%
Franklin D. Roosevelt John Nance Garner, Henry A. Wallace & Harry S. Truman
78%
Richard Nixon Spiro Agnew & Gerald Ford
77%
Ronald Reagan George H. W. Bush
72%
George H. W. Bush Dan Quayle
68%
Dwight D. Eisenhower Richard Nixon
67%
Abraham Lincoln Hannibal Hamlin & Andrew Johnson
63%
George Washington John Adams
63%
Jimmy Carter Walter Mondale
61%
John Adams Thomas Jefferson
57%
Thomas Jefferson Aaron Burr & George Clinton
56%
William McKinley Garret Hobart & Theodore Roosevelt
56%
Lyndon B. Johnson Hubert Humphrey
50%
Gerald Ford Nelson Rockefeller
49%
Warren G. Harding Calvin Coolidge
45%
James Garfield Chester A. Arthur
45%
William Henry Harrison John Tyler
42%
Andrew Jackson John C. Calhoun & Martin Van Buren
37%
Zachary Taylor Millard Fillmore
33%
Harry Truman Alben W. Barkley
26%
James Madison George Clinton & Elbridge Gerry
24%
James Buchanan John C. Breckinridge
22%
John Quincy Adams John C. Calhoun
22%
Herbert Hoover Charles Curtis
21%
Calvin Coolidge Charles G. Dawes
19%
James Polk George M. Dallas
19%
Ulysses Grant Schuyler Colfax & Henry Wilson
19%
Theodore Roosevelt Charles W. Fairbanks
18%
Grover Cleveland Thomas A. Hendricks & Adlai Stevenson
16%
Woodrow Wilson Thomas R. Marshall
15%
William Taft James S. Sherman
14%
Benjamin Harrison Levi P. Morton
14%
Martin Van Buren Richard Mentor Johnson
12%
James Monroe Daniel D. Tompkins
11%
Franklin Pierce William R. King
11%
Rutherford Hayes William A. Wheeler
9%
No matching quizzes found
Score Distribution
Percent of People with Each Score
Percentile by Number Answered
Your Score History
You have not taken this quiz